Zákazky s nízkou hodnotou spolufinancované z fondov EÚ ... v podmienkach škôl a školských zariadení

Pravidlá pre zadávanie zákaziek s nízkou hodnotou v podmienkach dvoch operačných programoch, ktoré sú pre školy a školské zariadenia najzaujímavejšie. Špecifiká zadávania zákaziek s nízkou hodnotou v podmienkach fondov EÚ. Príklady.

Uložené v:
Podrobná bibliografia
Hlavný autor: Kolesárová, Ivana
Ďalší autori: Púček, Ľubomír
Médium: Kapitola
Jazyk:Slovak
Predmet:
Tagy: Pridať tag
Žiadne tagy, Buďte prvý, kto otaguje tento záznam!

MARC

LEADER 00000naa a2200000 4500
001 0155373
005 20231127102607.9
041 0 |a slo 
044 |a SK 
245 1 0 |a Zákazky s nízkou hodnotou spolufinancované z fondov EÚ  |b ... v podmienkach škôl a školských zariadení  |c Ivana Kolesárová, Ľubomír Púček 
520 |a Pravidlá pre zadávanie zákaziek s nízkou hodnotou v podmienkach dvoch operačných programoch, ktoré sú pre školy a školské zariadenia najzaujímavejšie. Špecifiká zadávania zákaziek s nízkou hodnotou v podmienkach fondov EÚ. Príklady. 
610 2 0 |a školstvo 
610 2 0 |a školy 
610 2 0 |a zariadenia školské 
610 2 0 |a vzdelávanie 
610 2 0 |a financovanie školstva 
610 2 0 |a fondy Európskej únie 
100 1 |a Kolesárová, Ivana 
700 1 |a Púček, Ľubomír